00583nam a22001457a 4500003000500000038001800005082000800023100001900031245020500050264003500255300002400290650003000314700003500344856005800379NUST aNusrat Nadeem a200 aSaleem, Shabab aArtificial intelligence based robust nonlinear controllers optimized by improved gray wolf optimization algorithm for plug-in hybrid electric vehicles in grid to vehicle applications/cShabab Saleem,  aIslamabad,c2023.bSEECS NUST; aill:b58,p:c30,cm. aMS-Electrical Engineering aSupervisor: Dr. Iftikhar Ahmad u http://10.250.8.41:8080/xmlui/handle/123456789/38491